Numerical Optimization (E-Book) (Record no. 212414)

000 -LEADER
fixed length control field 00832 a2200193 4500
003 - CONTROL NUMBER IDENTIFIER
control field Nust
005 - DATE AND TIME OF LATEST TRANSACTION
control field 20170207165540.0
022 ## - INTERNATIONAL STANDARD SERIAL NUMBER
International Standard Serial Number 3-540-35445-X
040 ## - CATALOGING SOURCE
Transcribing agency Nust
082 ## - DEWEY DECIMAL CLASSIFICATION NUMBER
Classification number 519.3
100 ## - MAIN ENTRY--PERSONAL NAME
Personal name J. F. Bonnans
245 ## - TITLE STATEMENT
Title Numerical Optimization (E-Book)
Remainder of title Theoretical and Practical Aspects
Statement of responsibility, etc. J. Frederic Bonnans · J. Charles Gilbert Claude Lemar´echal · Claudia A. Sagastiz´abal
250 ## - EDITION STATEMENT
Edition statement 2nd ed
260 ## - PUBLICATION, DISTRIBUTION, ETC.
Place of publication, distribution, etc. New York
Name of publisher, distributor, etc. Springer-Verlag Berlin Heidelberg
Date of publication, distribution, etc. 2006
300 ## - PHYSICAL DESCRIPTION
Extent 490 p
Dimensions With 52 Figures
500 ## - GENERAL NOTE
General note General Introduction (Page- 3), Part I Unconstrained Problems (Page-25),Part II Nonsmooth Optimization (Page-109), Part III Newton's Methods in Constrained Optimization(Page-197),Part IV Interior-Point Algorithms for Linear and Quadratic (Page-353),
650 ## - SUBJECT ADDED ENTRY--TOPICAL TERM
Topical term or geographic name entry element Numerical Optimization
651 ## - SUBJECT ADDED ENTRY--GEOGRAPHIC NAME
Geographic name E-BOOK
942 ## - ADDED ENTRY ELEMENTS (KOHA)
Source of classification or shelving scheme
Koha item type Book
Holdings
Withdrawn status Lost status Source of classification or shelving scheme Damaged status Not for loan Collection code Permanent Location Current Location Date acquired Total Checkouts Full call number Barcode Date last seen Price effective from Koha item type
            Military College of Signals (MCS) Military College of Signals (MCS) 12/12/2016   519.3 BON MCSEB-3162 12/08/2016 12/12/2016 Book
© 2023 Central Library, National University of Sciences and Technology. All Rights Reserved.